000 00567nam a22002057a 4500
003 OSt
005 20180322134444.0
008 180322b xxu||||| |||| 00| 0 eng d
020 _a9780702051449
040 _cDNLM
082 _aQV778 P49j 2014
100 _aEdited by Juidith, A. Rees; Ian, Smith; Jennie, Watson
_912564
245 _aPharmaceutical Practice
250 _a5th ed.
260 _aEdinburgh; Churchill, 2014
300 _axvii,552p; col.ill: 25cm
504 _aAppendices, & index included
650 _aPharmaceutics
_91575
942 _2z
_cB_BANK
999 _c6070
_d6070